Statistics for Best football managers of all time

Click here to take the quiz!

General Stats

  • This quiz has been taken 61 times
    (32 since last reset)
  • The average score is 8 of 12

Answer Stats

RankSpanMain Club(s)Manager% Correct
11986-2013Manchester UnitedAlex Ferguson
100%
62000-presentPorto, Chelsea, Barcelona, Inter, Real M, Man U, SpursJose Mourinho
100%
112019-PresentReal MadridZinedine Zidane
100%
82001-presentMainz, Dortmund, LiverpoolJurgen Klopp
96%
32008-presentBayern, Barcelona, Man cityPep Guardiola
93%
41995-presentJuve, ACM, Chelsea, Real M, Bayern, PSG, EvertonCarlo Ancelotti
89%
91991-2016Ajax, Barcelona, Bayern, Man UnitedLouis Van Gaal
70%
101991-2018ACM, Real Madrid, Juventus, EnglandFabio Capello
59%
51949-1974LiverpoolBill Shankly
48%
21960-1992Ajax, Barcelona, NetherlandsRinus Michels
22%
121945-1971Manchester UnitedMatt Busby
15%
71959-1988Celta Vigo, Real MadridMiguel Munoz
4%

Score Distribution

Percentile by Number Answered

Percent of People with Each Score

Your Score History

You have not taken this quiz since the last reset